| 000 | 01335nam a2200397 c 4500 | ||
|---|---|---|---|
| 001 | 23404 | ||
| 003 | ES-MaCES | ||
| 005 | 20141221122838.0 | ||
| 008 | 101125s2010 sp t o000 | spa d | ||
| 017 |
_aM 24145-2010 _bDL |
||
| 020 | _a9788492596317 (o.c.) | ||
| 020 | _a9788492596331 (v. I) | ||
| 020 | _a9788492596348 (v. II) | ||
| 035 | _aCES20100009357m | ||
| 040 |
_aES-MaCES _bspa _cES-MaCES |
||
| 245 | 0 | 0 |
_aDerecho inmobiliario _b: problemática actual _cdirector, Miguel Ángel Larrosa Amate |
| 260 |
_aMadrid _bConsejo General del Poder Judicial _c[2010] |
||
| 300 |
_a2 v. (650; XXXI, 1390 p.) _c22 cm |
||
| 490 | 1 |
_aManuales de formación continuada _v50 |
|
| 504 | _aBibliografia | ||
| 541 | _cGratuito | ||
| 650 | 4 |
_abienes inmuebles _931214 |
|
| 650 | 4 |
_avivienda _928598 |
|
| 650 | 4 |
_aprocedimiento administrativo _930919 |
|
| 650 | 4 |
_aderecho administrativo _927155 |
|
| 650 | 4 |
_aderecho civil _927156 |
|
| 650 | 4 |
_aEspaña _926964 |
|
| 650 | 4 |
_arégimen jurídico _929894 |
|
| 653 | 1 | 0 | _aDerecho civil |
| 700 | 1 |
_aLarrosa Amante, Migel Ángel _edir. _916236 |
|
| 710 | 1 |
_aEspaña _bConsejo General del Poder Judicial _eed. _92750 |
|
| 830 | 1 |
_aManuales de formación continuada _v50 _933573 |
|
| 902 | _aLIB Libro | ||
| 942 |
_2CES _cBK _h6.0.7. |
||
| 999 |
_c23404 _d23404 |
||